| 000 | 00648nam a22002297a 4500 | ||
|---|---|---|---|
| 001 | 23545 | ||
| 003 | BD-RjUL | ||
| 005 | 20251210110042.0 | ||
| 008 | 140311s1968 enka|||| |||| 00| 0 eng d | ||
| 035 | _a(BD-RjUL)23545 | ||
| 040 |
_aBD-RjUL _beng _cBD-RjUL _dBD-RjUL |
||
| 041 | _aeng | ||
| 082 | 0 | 4 |
_a 843.7 _bPRC 1968 |
| 100 | 1 |
_a Proust, Marcel _972465 |
|
| 245 | 1 | 4 |
_aThe captive / _cby Marcel Proust |
| 260 |
_aLondon : _bChatto & windus, _c1968. |
||
| 300 |
_av. : _billus. ; _c18 cm. |
||
| 505 | 0 | 1 | _aVol.1--V.2-- |
| 651 | 0 |
_aFrance _xSocial life and customs _xFiction _963767 |
|
| 700 | 1 |
_a Moncrieff, C.K. Scott _917503 |
|
| 942 |
_2ddc _cBK |
||
| 999 |
_c23545 _d23545 |
||